Top 5 Songs On Favourite Worst Nightmare (Arctic Monkeys) - Statistics

General Stats
  • This quiz has been taken 116 times
  • The average score is 4 of 5
Answer Stats
Hint Answer % Correct
1,051,446,137 505
98%
165,249,585 Teddy Picker
88%
180,669,436 Brianstorm
83%
639,166,919 Fluorescent Adolescent
81%
139,640,585 Old Yellow Bricks
74%
No matching quizzes found
Score Distribution
Percent of People with Each Score
Percentile by Number Answered
Your Score History
You have not taken this quiz